000 01483cam a2200361 a 4500
001 EDZ0000064182
003 StDuBDS
005 20161031105218.0
006 m||||||||d||||||||
007 cr |||||||||||
008 120327s2001 enk fo| 001|0|eng d
020 _a9781446218532 (ebook) :
_cNo price
040 _aStDuBDS
_beng
_cStDuBDS
_epn
049 _aAlfaisal Main Library
050 0 _aHV9345
_b.C78 2001
082 0 4 _a364.60941
_223
100 1 _aCrow, Iain.
245 1 4 _aThe treatment and rehabilitation of offenders
_h[electronic resource] /
_cIain Crow.
260 _aLondon :
_bSAGE,
_c2001.
300 _a1 online resource (xi, 236 p.)
504 _aIncludes bibliographical references and index.
520 8 _aThis text provides an introduction to the debates around treatment and rehabilitation - a central development in current criminal justice policy. It looks at the role agencies such as the Probation Service have played in the treatment of offenders.
521 _aSpecialized.
588 _aDescription based on print version record.
650 0 _aCriminology
_zGreat Britain.
650 0 _aCriminals
_xRehabilitation
_zGreat Britain.
650 0 _aPunishment
_zGreat Britain.
655 7 _aElectronic books.
_2local
710 2 _aSage eBooks
776 0 8 _iPrint version :
_z9780761960393
856 4 0 _uhttp://ezproxy.alfaisal.edu/login?url=http://sk.sagepub.com/books/the-treatment-and-rehabilitation-of-offenders
942 _2lcc
_cEBOOKS
999 _c481811
_d481811